Ładuje się......

Endocrine Pathology: Differential diagnosis and molecular advances

Opis bibliograficzny
1. autor: Lloyd, Ricardo V, Ed
Format: Printed Book
Wydane: Humana Press 2004
Hasła przedmiotowe:
LEADER 00558nam a2200193 4500
020
082 |a R616.4 LLO-E 
100 |a Lloyd, Ricardo V, Ed. 
245 |a Endocrine Pathology: Differential diagnosis and molecular advances 
250
260 |a Humana Press  |c 2004 
300 |a 421 
490
500
590
650 |a Diseases of blood forming-- grandular-- endocrine systems 
942 |c BK 
999 |c 91803  |d 91803 
952 |0 0  |1 0  |4 0  |6 R_616_400000000000000_LLOE  |7 0  |9 105271  |a ZGY  |b ZGY  |l 0  |o R616.4 LLO-E  |p ZGY04338  |r 2019-09-25  |w 2019-09-25  |y BK